000 00597nam a2200241Ia 4500
003 OSt
005 20221005115010.0
006 a|||||r|||| 00| 0
007 ta
008 221004b |||||||| |||| 00| 0 mal d
024 _a53142
037 _cTextual
040 _aCRL
_cCRL
_bmal
041 _2mal
_amal
082 _aB91vN5, 32J8
100 _aNambudiripad M.C.
_9626949
245 0 _aBhoomiyute atmakatha
260 _c1958
300 _a37p.
_ccm.
650 _aMATHEMATICS
942 _hB91vN5, 32J8
_cTEXL
_2cc
999 _c1033104
_d1033104